| 000 | 00660nam a22001937a 4500 | ||
|---|---|---|---|
| 005 | 20180413122225.0 | ||
| 010 | _aENG-122572 | ||
| 020 |
_a9789352806065 _c695.00 |
||
| 035 | _aEN-106104 | ||
| 037 | _bDBAD/PUB | ||
| 082 | _a371.2 | ||
| 100 | _aNapolitano-Allison, Elle | ||
| 245 |
_aBounce forward: _cby Elle Napolitano-Allison _bthe extraordinary resilience of leadership / |
||
| 260 |
_aNew Delhi _bSage Publications _c2018 |
||
| 270 |
_aB-1/I-1, Mohan Cooperative Industrial Area, Mathura Road, _bNew Delhi _e110044 |
||
| 300 |
_a177p. _c25cm.(pbk) _bill. |
||
| 500 | _aIt include reference and index | ||
| 942 |
_2ddc _cEN _mALL _h371.2 |
||
| 999 |
_c151177 _d151177 |
||